Optical turbulence (Record no. 238180)
[ view plain ]
| 000 -LEADER | |
|---|---|
| fixed length control field | 01593nam a2200337 a 4500 |
| 245 10 - TITLE STATEMENT | |
| Title | Optical turbulence |
| 260 ## - PUBLICATION, DISTRIBUTION, ETC. (IMPRINT) | |
| Place of publication | London : |
| Name of publisher | Imperial College Press ; |
| Place of publication | Singapore ; |
| -- | Hackensack, N.J. : |
| Name of publisher | Distributed by World Scientific Pub, |
| Year of publication | c2009. |
| 300 ## - PHYSICAL DESCRIPTION | |
| Number of Pages | xxvi, 388 p. : |
| Other physical details | ill. (some col.). |
| 650 #0 - SUBJECT ADDED ENTRY--TOPICAL TERM | |
| Topical Term | Atmospheric turbulence |
| Topical Term | Meteorological optics |
| 700 1# - ADDED ENTRY--PERSONAL NAME | |
| Personal name | Masciadri, Elena. |
| Personal name | Sarazin, Marc. |
| 856 40 - ELECTRONIC LOCATION AND ACCESS | |
| Uniform Resource Identifier | http://site.ebrary.com/lib/rucke/Doc?id=10422637 |
No items available.
